Vấn đề bảo tồn và phát huy giá trị nghệ thuật ca nhạc tài tử và sân khấu cải lương /

Shranjeno v:
Bibliografske podrobnosti
Glavni avtor: Huỳnh Quốc Thắng, TS.
Format: Bài viết
Jezik:Vietnamese
Teme:
Oznake: Označite
Brez oznak, prvi označite!
Thư viện lưu trữ: Thư viện Trường Đại học Đà Lạt
LEADER 00862nam a2200265 4500
001 DLU130146155
005 ##20130321
040 # # |a DLU  |b vie 
041 # # |a vie 
044 # # |a vn 
100 # # |a Huỳnh Quốc Thắng,   |c TS. 
245 # # |a Vấn đề bảo tồn và phát huy giá trị nghệ thuật ca nhạc tài tử và sân khấu cải lương /  |c Huỳnh Quốc Thắng. 
653 # # |a Di sản văn hóa 
653 # # |a Nhạc dân tộc 
653 # # |a Sân khấu cải lương 
773 # # |t Tạp chí Khoa học Xã hội Việt Nam   |g Số 2(150), 2011, tr. 32-38 
920 # # |a Phòng Tạp chí -- Trung tâm Thông tin - Thư viện Trường Đại học Đà Lạt 
994 # # |a DLU 
900 # # |a True 
911 # # |a Nguyễn Thị Linh Chi 
925 # # |a G 
926 # # |a A 
927 # # |a BB 
980 # # |a Thư viện Trường Đại học Đà Lạt